| 000 | 00613nam a2200181Ia 4500 | ||
|---|---|---|---|
| 003 | IN-BaIIA | ||
| 008 | 211028s9999 xx 000 0 eng d | ||
| 040 | _cIIA Library | ||
| 080 |
_a524.3-64 _bHOP |
||
| 100 |
_aHopf, Eberhard _91659 |
||
| 245 | 0 |
_aMathematical problems of radiative equilibrium _cEberhard Hopf |
|
| 260 |
_aCambridge _bCambridge University Press _c1934 |
||
| 300 | _aviii, 104p. | ||
| 490 | _aCambridge tracts in mathematics and mathematical physics; 31 | ||
| 650 |
_aRadiative equilibrium _91660 |
||
| 650 |
_aStellar atmosphere _91661 |
||
| 942 | _cBK | ||
| 999 |
_c773 _d773 |
||